000 004270000a22001690004500
003 MACL
005 20151229123101.0
008 151229b xxu||||| |||| 00| 0 eng d
040 _aMACL
_cMACL
041 _aEnglish
082 _a200/RAJ
100 _aPatil, RaJaram,
_923677
245 _aCultural History from The Vayu Purana
260 _bPoonam, Ms
_c1946
_aPoona
650 _aReligion
_923678
942 _cBK
_k200/pat
_2ddc
999 _c35004
_d35004